000 00578nam a2200193Ia 4500
005 20260114185750.0
008 008 260114s9999 xx 000 0 eng d
020 _a9781350070417
037 _aEBOOK
040 _aCRL
_beng
_cCRL
041 _aeng
_2eng
084 _qCRL
100 _aJohanna Amos and Lisa Binkley
_9874139
245 0 _aStitching the Self Identity and the Needle Arts
260 _bBloomsbury
_c2020
856 _uhttps://doi.org/10.5040/9781350070417?locatt=label:secondary_bloomsburyCollections
942 _cEBOOK
999 _c1473075
_d1473075